L'investissement-travail, le renouveau d'un concept?

Viaceré prvky môžu vyvolať úvahy o investovaní do práce v rozvojových krajinách. Historické dedičstvo koncepcie. Politika zamestnanosti v 50. rokoch. Mobilizácia národných zdrojov a valorizácia obnovy rozličných foriem práce obyvateľstva. Funkčný a technokratický prístup k práci. Perspektívy investí...

Descrizione completa

Salvato in:
Dettagli Bibliografici
Autore principale: Guichaoua, A.
Natura: Capitolo di libro
Lingua:francese
Soggetti:
Tags: Aggiungi Tag
Nessun Tag, puoi essere il primo ad aggiungerne!!

MARC

LEADER 00000naa a2200000 4500
001 r008322
005 20220913125127.7
041 0 |a fre 
044 |a FR 
245 1 0 |a L'investissement-travail, le renouveau d'un concept?  |c A. Guichaoua 
520 |a Viaceré prvky môžu vyvolať úvahy o investovaní do práce v rozvojových krajinách. Historické dedičstvo koncepcie. Politika zamestnanosti v 50. rokoch. Mobilizácia národných zdrojov a valorizácia obnovy rozličných foriem práce obyvateľstva. Funkčný a technokratický prístup k práci. Perspektívy investícií do práce. (Revue Tiers-Monde 1991, zv. 32, č. 127). 
610 2 0 |a investície 
610 2 0 |a krajiny rozvojové 
610 2 0 |a zamestnanosť 
610 2 0 |a práca 
100 1 |a Guichaoua, A.